| 000 | 01287nam a22003257a 4500 | ||
|---|---|---|---|
| 003 | EG-GICUC | ||
| 005 | 20260416124106.0 | ||
| 008 | 260416b1916 fr ||||fr|||| 000 0 fre d | ||
| 040 |
_aEG-GiCUC _bfre _cEG-GiCUC _dEG-GiCUC _eRda |
||
| 041 | 0 |
_afre _hfre |
|
| 082 | 0 | 4 |
_221 _a343.3044 _bGA . T |
| 092 | 0 | 4 | _221 |
| 099 | _aLaw1 10 343.3044 1916 | ||
| 100 | 1 |
_aGarraud, R. (Raymond) _d1856-1935. _eAuteur |
|
| 245 | 1 | 0 |
_aTraité théorique et pratique du droit pénal français. _nTome Troisième / _cpar R. Garraud. |
| 250 | _a3e éd., complètement revue et considérablement augmentée. | ||
| 264 | 1 |
_aParis : _bLibrairie du Recueil Sirey, _c1916. |
|
| 300 |
_a725 page; _c23 cm. |
||
| 336 |
_2rda contenu _a texte |
||
| 337 |
_2rda medias _aOrdinateur |
||
| 338 |
_2 transporteur rda _a Ressource en ligne |
||
| 500 | _aLa Première Édition De Cet Ouvrage A Été Couronnée Par L'académie Des Sciences Morales Et Politiques: Priz Wołowski | ||
| 500 | _aTroisième Edition Complètement Reune Et Considérablement Augmentée | ||
| 650 | 1 | 4 | _aCriminal Law . |
| 650 | 1 | 4 | _aDroit de procédure pénale |
| 651 | 1 | 4 |
_aDroit de procédure pénale _zFrance |
| 856 | 4 | 0 | _uhttps://fll.law.cu.edu.eg/fulltext/bks/B10-09089.pdf |
| 905 | _a164 | ||
| 942 |
_2ddc _cBK _e21 _n0 |
||
| 999 |
_c71414 _d71414 |
||